00191nam a2200085Ia 4500008004100000100001100041245003300052260001100085260000900096170617s9999 xx 000 0 und d aW.H.O. 0aEstemating Drug Requirements bC.B.S. c1994